000 00641nam a22002057a 4500
003 0
005 20230830144833.0
008 230830b xxu||||| |||| 00| 0 eng d
020 _a978-621-409-177-5
050 _aQ 175.5
_b.Al43 2022
100 _aAldea, Kathryn Idrisha K.
245 _aScience, technology and society
_cKathryn Idrisha K. Aldea
250 _aSecond edition
260 _aMandaluyong City
_bBooks Atbp. Publishing Corp.
_cc2022.
300 _ax, 184 pages ;
_c22 cm.
500 _aScience and technology.
504 _aIncludes bibliographical references.
650 _aScience and technology.
942 _2lcc
_cBK
999 _c365233
_d365233